000 01693cam a22004334i 4500
003 PE-LiUPU
005 20260223155712.0
008 160926s2006 pe a rb 000 0 spa d
020 _a9789875676053
035 _a(Sirsi) a163739
040 _aPE-LiUPU
_bspa
_cPE-LiUPU
_erda
049 _aPRUA
082 0 4 _a266.09
_bS781e
_223
100 1 _aStahl, Fernando A.,
_d1874-
_eautor.
245 1 0 _aEn el país de los incas /
_cFernando Stahl.
264 1 _aLima :
_bImpreta Unión,
_c2006.
300 _a271 páginas :
_bilustaciones ;
_c22 cm
336 _atext
_2rdacontent
337 _aunmediated
_2rdamedia
338 _avolume
_2rdacarrier
504 _aBibliografía : páginas 271.
505 0 _aSobr el techo del mundo -- Ruinas y tradiciones incaicas -- Una excurción minera y misionera -- Exigencias de los comienzos misioneros -- Una raza oprimida -- Una transformación -- A guisa de estímulo -- Un cristianismo que no es cristianismo -- Ayuda de lo alto -- En exporación -- Pruebas de aprecio -- La piedra partida -- Un libramiento maravilloso -- Enemigos desarmados -- Los quechuas claman por ayuda -- En frecuentes peligros -- Primeros ensayos entre los chunchos -- Los colaboradores del pastor Sthal -- Progresos recientes.
526 _aSEG42
526 _aSEG41
526 _aSEG40
526 _aSEG39
526 _aP94
526 _aP87
526 _aP86
526 _aP85
526 _aP77
526 _aP76
526 _aP35
650 1 8 _aAdventistas del Séptimo Día
_xMisiones
_91298
910 _ajck
942 _2ddc
_cBK
980 _818226
_gJaime Vilcazán Jefe de Análisis Documental
999 _c12601
_d12601